Recuerdos de Carlos Planell y Argüelles (Record no. 162240)

MARC details
000 -LEADER
campo de control de longitud fija 00806nam a22001815i 4500
001 - NÚMERO DE CONTROL
campo de control 162240
003 - IDENTIFICADOR DE NÚMERO DE CONTROL
campo de control ES-MaACL
005 - FECHA Y HORA DE LA ÚLTIMA TRANSACCIÓN
campo de control 20230906212447.0
008 - DATOS DE LONGITUD FIJA--INFORMACIÓN GENERAL
campo de control de longitud fija 990713s1880 sp c |||| | spa d
040 ## - FUENTE DE CATALOGACIÓN
Centro catalogador/agencia de origen CCPB | B
Lengua de catalogación spa
Centro/agencia transcriptor CCPB | B
100 1# - ENTRADA PRINCIPAL--NOMBRE DE PERSONA
Nombre de persona Planell y Argüelles, Carlos.
9 (RLIN) 131208
245 10 - MENCIÓN DEL TÍTULO
Título Recuerdos de Carlos Planell y Argüelles
Resto del título : que dedican á su familia y amigos en el segundo aniversario de su fallecimiento sus inconsolables padres : 20 de julio.
260 ## - PUBLICACIÓN, DISTRIBUCIÓN, ETC.
Lugar de publicación, distribución, etc. Madrid :
Nombre del editor, distribuidor, etc. [s.n.],
Fecha de publicación, distribución, etc. 1880 (
Fabricante Estab. Tip. de M.P. Montoya)
300 ## - DESCRIPCIÓN FÍSICA
Extensión XXII, 159, [5] p., [1] h. de fot. ;
Dimensiones 23 cm.
510 4# - NOTA DE CITAS O REFERENCIAS BIBLIOGRÁFICAS
Nombre de la fuente Palau,
Localización dentro de la fuente t. XIII, 228385
599 ## - NOTA A LAS ILUSTRACIONES
NOTA A LAS ILUSTRACIONES La h. de fot. es un retrato de Carlos Planell.
852 ## - LOCALIZACIÓN
Ubicación ES-MaACL
Número de control de estantería T-702-F-6
Nota libre -- Enc. hol. conservando la cub. original
-- -- Enc. en un vol. facticio
Holdings
Estatus retirado Estado de pérdida Estado de daño No para préstamo Colección Biblioteca de origen Biblioteca actual Ubicación en estantería Fecha de adquisición Total de préstamos Signatura topográfica completa Código de barras Visto por última vez Precio de reemplazo Tipo de ítem Koha
        Colección de folletos Biblioteca del Ateneo de Madrid Biblioteca del Ateneo de Madrid Depósito folletos 17/01/2008   T-702-F-6 1169969 23/02/2023 23/02/2023 Folleto